<?xml version="1.0" encoding="UTF-8"?>
<record
    xmlns:xsi="http://www.w3.org/2001/XMLSchema-instance"
    xsi:schemaLocation="http://www.loc.gov/MARC21/slim http://www.loc.gov/standards/marcxml/schema/MARC21slim.xsd"
    xmlns="http://www.loc.gov/MARC21/slim">

  <leader>01986nam a22002177a 4500</leader>
  <controlfield tag="005">20260703123432.0</controlfield>
  <controlfield tag="008">260703b        |||||||| |||| 00| 0 eng d</controlfield>
  <datafield tag="020" ind1=" " ind2=" ">
    <subfield code="a">9788386631817</subfield>
  </datafield>
  <datafield tag="040" ind1=" " ind2=" ">
    <subfield code="c">AL</subfield>
  </datafield>
  <datafield tag="041" ind1=" " ind2=" ">
    <subfield code="a">kan</subfield>
  </datafield>
  <datafield tag="082" ind1=" " ind2=" ">
    <subfield code="a">K894.109</subfield>
    <subfield code="b">BASR</subfield>
  </datafield>
  <datafield tag="100" ind1=" " ind2=" ">
    <subfield code="a">Basavaraju L</subfield>
    <subfield code="9">266209</subfield>
  </datafield>
  <datafield tag="100" ind1=" " ind2=" ">
    <subfield code="9">266207</subfield>
    <subfield code="d">&#xC8E;&#xCB2;&#xCCD; &#xCAC;&#xCB8;&#xCB5;&#xCB0;&#xCBE;&#xC9C;&#xCC1;</subfield>
  </datafield>
  <datafield tag="245" ind1=" " ind2=" ">
    <subfield code="a">Rannana sarala gadayuddha</subfield>
    <subfield code="b">: &#xCB0;&#xCA8;&#xCCD;&#xCA8;&#xCA8; &#xCB8;&#xCB0;&#xCB3; &#xC97;&#xCA6;&#xCBE;&#xCAF;&#xCC1;&#xCA6;&#xCCD;&#xCA7;</subfield>
  </datafield>
  <datafield tag="260" ind1=" " ind2=" ">
    <subfield code="a">Bengaluru</subfield>
    <subfield code="b">Sapna Book House</subfield>
    <subfield code="c">2025</subfield>
  </datafield>
  <datafield tag="300" ind1=" " ind2=" ">
    <subfield code="a">xxiii,304p</subfield>
    <subfield code="b">PB</subfield>
    <subfield code="c">21.5x14cm</subfield>
  </datafield>
  <datafield tag="365" ind1=" " ind2=" ">
    <subfield code="2">Kannada</subfield>
    <subfield code="a">AM-000007</subfield>
    <subfield code="b">&#x20B9;224.00</subfield>
    <subfield code="c">&#x20B9;</subfield>
    <subfield code="d">&#x20B9;280.00</subfield>
    <subfield code="e">20%</subfield>
    <subfield code="f">11-05-2026</subfield>
  </datafield>
  <datafield tag="520" ind1=" " ind2=" ">
    <subfield code="a">&#xCB0;&#xCA8;&#xCCD;&#xCA8;&#xCA8; &#xCB8;&#xCB0;&#xCB3; &#xC97;&#xCA6;&#xCBE;&#xCAF;&#xCC1;&#xCA6;&#xCCD;&#xCA7; &#xCB5;&#xCCD;&#xCAF;&#xCBE;&#xC96;&#xCCD;&#xCAF;&#xCBE;&#xCA8; &#xCB8;&#xCB9;&#xCBF;&#xCA4; / Rannana Sarala Gadayuddha Vyakhyana Sahita &#x2013; &#xCA1;&#xCBE;. &#xC8E;&#xCB2;&#xCCD;. &#xCAC;&#xCB8;&#xCB5;&#xCB0;&#xCBE;&#xC9C;&#xCC1; &#xC85;&#xCB5;&#xCB0;&#xCC1; &#xCAC;&#xCB0;&#xCC6;&#xCA6;&#xCBF;&#xCB0;&#xCC1;&#xCB5; &#x201C;&#xCB0;&#xCA8;&#xCCD;&#xCA8;&#xCA8; &#xCB8;&#xCB0;&#xCB3; &#xC97;&#xCA6;&#xCBE;&#xCAF;&#xCC1;&#xCA6;&#xCCD;&#xCA7;: &#xCB5;&#xCCD;&#xCAF;&#xCBE;&#xC96;&#xCCD;&#xCAF;&#xCBE;&#xCA8; &#xCB8;&#xCB9;&#xCBF;&#xCA4;&#x201D; &#xC8E;&#xC82;&#xCAC; &#xCB6;&#xCC0;&#xCB0;&#xCCD;&#xCB7;&#xCBF;&#xC95;&#xCC6;&#xCAF; &#xCAA;&#xCC1;&#xCB8;&#xCCD;&#xCA4;&#xC95;&#xCB5;&#xCC1; &#xCB2;&#xCAD;&#xCCD;&#xCAF;&#xCB5;&#xCBF;&#xCA6;&#xCC6;. &#xC88; &#xCAA;&#xCC1;&#xCB8;&#xCCD;&#xCA4;&#xC95;&#xCB5;&#xCC1; &#xCAE;&#xCB9;&#xCBE;&#xC95;&#xCB5;&#xCBF; &#xCB0;&#xCA8;&#xCCD;&#xCA8;&#xCA8; &#xCB6;&#xCCD;&#xCB0;&#xCC7;&#xCB7;&#xCCD;&#xCA0; &#xC95;&#xCBE;&#xCB5;&#xCCD;&#xCAF;&#xCB5;&#xCBE;&#xCA6; &#x2018;&#xCB8;&#xCBE;&#xCB9;&#xCB8;&#xCAD;&#xCC0;&#xCAE; &#xCB5;&#xCBF;&#xC9C;&#xCAF;&#xC82;&#x2019; &#xC85;&#xCA5;&#xCB5;&#xCBE; &#x2018;&#xC97;&#xCA6;&#xCBE;&#xCAF;&#xCC1;&#xCA6;&#xCCD;&#xCA7;&#x2019; &#xC95;&#xCBE;&#xCB5;&#xCCD;&#xCAF;&#xCA6; &#xCB8;&#xCB0;&#xCB3;&#xCC0;&#xC95;&#xCC3;&#xCA4; &#xC97;&#xCA6;&#xCCD;&#xCAF;&#xCBE;&#xCA8;&#xCC1;&#xCB5;&#xCBE;&#xCA6; &#xCAE;&#xCA4;&#xCCD;&#xCA4;&#xCC1; &#xCB5;&#xCCD;&#xCAF;&#xCBE;&#xC96;&#xCCD;&#xCAF;&#xCBE;&#xCA8;&#xCB5;&#xCBE;&#xC97;&#xCBF;&#xCA6;&#xCC6;. &#xC87;&#xCA6;&#xCC1; &#xCB9;&#xCB3;&#xC97;&#xCA8;&#xCCD;&#xCA8;&#xCA1; &#xC95;&#xCBE;&#xCB5;&#xCCD;&#xCAF;&#xCB5;&#xCBE;&#xCA6; &#xCB0;&#xCA8;&#xCCD;&#xCA8;&#xCA8; &#x2018;&#xC97;&#xCA6;&#xCBE;&#xCAF;&#xCC1;&#xCA6;&#xCCD;&#xCA7;&#x2019;&#xCA6; &#xCB8;&#xCB0;&#xCB3;&#xCB5;&#xCBE;&#xCA6; &#xCB5;&#xCBF;&#xCB5;&#xCB0;&#xCA3;&#xCC6; &#xCAE;&#xCA4;&#xCCD;&#xCA4;&#xCC1; &#xC85;&#xCB0;&#xCCD;&#xCA5;&#xCB5;&#xCBF;&#xCB5;&#xCB0;&#xCA3;&#xCC6;&#xCAF;&#xCA8;&#xCCD;&#xCA8;&#xCC1; (&#xCB5;&#xCCD;&#xCAF;&#xCBE;&#xC96;&#xCCD;&#xCAF;&#xCBE;&#xCA8; &#xCB8;&#xCB9;&#xCBF;&#xCA4;) &#xC92;&#xCB3;&#xC97;&#xCCA;&#xC82;&#xCA1;&#xCBF;&#xCA6;&#xCC6;. &#xCB9;&#xCB3;&#xC97;&#xCA8;&#xCCD;&#xCA8;&#xCA1;&#xCA6; &#xCAA;&#xCCD;&#xCB0;&#xCAD;&#xCC1;&#xCA4;&#xCCD;&#xCB5;&#xCB5;&#xCBF;&#xCB0;&#xCC1;&#xCB5; &#xCAC;&#xCB8;&#xCB5;&#xCB0;&#xCBE;&#xC9C;&#xCC1; &#xC85;&#xCB5;&#xCB0;&#xCC1; &#xC95;&#xCBE;&#xCB5;&#xCCD;&#xCAF;&#xCB5;&#xCA8;&#xCCD;&#xCA8;&#xCC1; &#xCB8;&#xCBE;&#xCAE;&#xCBE;&#xCA8;&#xCCD;&#xCAF; &#xC93;&#xCA6;&#xCC1;&#xC97;&#xCB0;&#xCBF;&#xC97;&#xCC6; &#xCB8;&#xCC1;&#xCB2;&#xCAD;&#xCB5;&#xCBE;&#xC97;&#xCBF; &#xC85;&#xCB0;&#xCCD;&#xCA5;&#xCB5;&#xCBE;&#xC97;&#xCC1;&#xCB5;&#xC82;&#xCA4;&#xCC6; &#xCA8;&#xCBF;&#xCB0;&#xCC2;&#xCAA;&#xCBF;&#xCB8;&#xCBF;&#xCA6;&#xCCD;&#xCA6;&#xCBE;&#xCB0;&#xCC6;.</subfield>
  </datafield>
  <datafield tag="650" ind1=" " ind2=" ">
    <subfield code="a">Kannada Criticism</subfield>
    <subfield code="9">266208</subfield>
  </datafield>
  <datafield tag="942" ind1=" " ind2=" ">
    <subfield code="2">ddc</subfield>
    <subfield code="c">BK</subfield>
  </datafield>
  <datafield tag="999" ind1=" " ind2=" ">
    <subfield code="c">241548</subfield>
    <subfield code="d">241548</subfield>
  </datafield>
  <datafield tag="952" ind1=" " ind2=" ">
    <subfield code="0">0</subfield>
    <subfield code="1">0</subfield>
    <subfield code="2">ddc</subfield>
    <subfield code="4">0</subfield>
    <subfield code="7">0</subfield>
    <subfield code="8">KAN</subfield>
    <subfield code="a">AL</subfield>
    <subfield code="b">AL</subfield>
    <subfield code="c">SK</subfield>
    <subfield code="d">2026-05-19</subfield>
    <subfield code="e">Navakarnataka Publications Pvt Ltd Mangaluru-575001</subfield>
    <subfield code="g">224.00</subfield>
    <subfield code="l">0</subfield>
    <subfield code="o">K894.109 BASR</subfield>
    <subfield code="p">078145</subfield>
    <subfield code="r">2026-07-03 12:31:47</subfield>
    <subfield code="v">280.00</subfield>
    <subfield code="w">2026-05-11</subfield>
    <subfield code="y">BK</subfield>
  </datafield>
</record>
